00000000cam 2200000zi 4500
0019.963161
003CaOODSP
00520260528154949
006m     o  d f      
007cr |n|||||||||
008260528e202605##onc     o    f|0| 0 fre d
040 |aCaOODSP|bfre|erda|cCaOODSP
043 |an-cn---
0861 |aXC60-1/1-451-5F-PDF
1101 |aCanada. |bParlement. |bChambre des communes. |bComité permanent des langues officielles, |eauteur, |eorganisme de publication.
24510|aPropositions du Comité permanent des langues officielles de la Chambre des communes à l'égard de l'avant-projet de règlement sur la Partie VII de la Loi sur les langues officielles / |cYvan Baker, président.
264 1|a[Ottawa] : |bChambre des communes, Canada = House of Commons, Canada, |cmai 2026.
300 |a1 ressource en ligne (v, 16 pages).
336 |atexte|btxt|2rdacontent/fre
337 |ainformatique|bc|2rdamedia/fre
338 |aressource en ligne|bcr|2rdacarrier/fre
4901 |aRapport du Comité permanent des langues officielles ; |v5e rapport, 45e législature, 1re session
500 |aPublié aussi en anglais sous le titre : Proposals from the House of Commons Standing Committee on Official Languages regarding the draft proposed regulations under Part VII of the Official Languages Act.
61016|aCanada. |tLoi sur les langues officielles.
650 6|aPolitique linguistique|zCanada.
650 6|aBilinguisme|xPolitique gouvernementale|zCanada.
7001 |aBaker, Yvan.
77508|tProposals from the House of Commons Standing Committee on Official Languages regarding the draft proposed regulations under Part VII of the Official Languages Act / |w(CaOODSP)9.963160
830#0|aRapport du Comité permanent des langues officielles ;|v5e rapport, 45e législature, 1re session.|w(CaOODSP)9.503702
85640|qPDF|s3.33 Mo|uhttps://publications.gc.ca/collections/collection_2026/parl/xc60-1/XC60-1-1-451-5-fra.pdf
8564 |qHTML|sS.O.|uhttps://www.noscommunes.ca/documentviewer/fr/45-1/LANG/rapport-5